The Arlington County Quiz - Statistics

General Stats
  • This quiz has been taken 54 times
  • The average score is 10 of 16
Answer Stats
Hint Answer % Correct
River to the northeast {Potomac} River
95%
Airport {Reagan} National Airport
93%
HQ of the U.S. Department for Defense The Pentagon
93%
Subdivision across the river District of Columbia
90%
Bordering county Fairfax
88%
Event where al-Qaeda crashed a plane into the above 9/11
85%
Bordering independent city Alexandria
83%
Arlington County is the the ______ self governing county in the United States Smallest
70%
In 2018, this company announced they would build their co-HQ in Crystal City Amazon.com
68%
Arlington National Cemetery was established on this person’s house Robert E. Lee
60%
Route 66 bridge over the river named after a president {Theodore} {Roosevelt} Bridge
45%
In 2017, this company chose 1812 N Moore in Rosslyn as their US HQ Nestle
28%
Sister city in Germany Aachen
25%
In 2002, Arlington received an award from this agency Environmental Protection Agency
18%
Vice chair Katie Cristol
10%
Chair Matt de Ferranti
8%
No matching quizzes found
Score Distribution
Percent of People with Each Score
Percentile by Number Answered
Your Score History
You have not taken this quiz